Organizational Behavior and Management

Gespeichert in:
Bibliographische Detailangaben
Hauptverfasser: Konopaske, Robert (Verfasst von), Ivancevich, John M (Verfasst von), Matteson, Michael T (Verfasst von)
Format: Buch
Sprache:Englisch
Veröffentlicht: New York McGraw Hill 2018
Ausgabe:11th Ed.
Schlagworte:
Tags: Tag hinzufügen
Keine Tags, Fügen Sie das erste Tag hinzu!

MARC

LEADER 00000nam a22000003a 4500
001 0094461
003 SK-STU
005 20220314110612.8
007 ta
008 220314s ----xo-----e------000-0-----d
020 |a 978-1-260-08395-8 
040 |a STU  |b slo 
041 0 |a eng 
044 |a xxu 
100 1 |a Konopaske, Robert  |4 aut 
245 1 0 |a Organizational Behavior and Management 
250 |a 11th Ed. 
260 |a New York  |b McGraw Hill  |c 2018 
300 |a 604 s. 
500 |a This International Student Edition is for use outside of the U.S. 
650 0 7 |a personálna práca 
700 1 |a Ivancevich, John M  |4 aut 
700 1 |a Matteson, Michael T  |4 aut 
996 |b 284M089032  |c M* 14620-1  |l MMKN  |s A  |a 24  |w 0094461_0001